Normal view
MARC view
Entry Personal Name
001 - CONTROL NUMBER
- control field: 31968
003 - CONTROL NUMBER IDENTIFIER
- control field: ARRUPE
005 - DATE AND TIME OF LATEST TRANSACTION
- control field: 20170601124511.0
008 - FIXED-LENGTH DATA ELEMENTS
- fixed length control field: 170601|| aca||aabn | a|a d
040 ## - CATALOGING SOURCE
- Original cataloging agency: ARRUPE
- Transcribing agency: ARRUPE
100 ## - HEADING--PERSONAL NAME
- Personal name: Mugabe, Robert Gabriel
- Dates associated with a name: 1924-
- General subdivision: Influence
670 ## - SOURCE DATA FOUND
- Source citation: Work cat.: (ARRUPE)1747: Ndlovu-Gatsheni, Sabelo J. 31967, Do`Zimbabweans' exists?, 2009